Normal view
MARC view
- Rehman, Shafiq ur
Entry Personal Name
001 - CONTROL NUMBER
- control field: 34705
003 - CONTROL NUMBER IDENTIFIER
- control field: NUST
005 - DATE AND TIME OF LATEST TRANSACTION
- control field: 20201028160515.0
008 - FIXED-LENGTH DATA ELEMENTS
- fixed length control field: 201028|| aca||aabn | a|a d
040 ## - CATALOGING SOURCE
- Original cataloging agency: NUST
- Transcribing agency: NUST
100 ## - HEADING--PERSONAL NAME
- Personal name: Rehman, Shafiq ur
670 ## - SOURCE DATA FOUND
- Source citation: Work cat.: (NUST): Rehman, Shafiq ur, Majmoa Shafiq ur Rehman
